| 000 | 01857nam2a2200277 i 4500 | ||
|---|---|---|---|
| 001 | RU\NLR\BIBL_A\010416522 | ||
| 005 | 20240921200943.0 | ||
| 010 |
_a9785747306639 _bч.1 _950 |
||
| 021 |
_aRU _b2014-35796 _92182 |
||
| 035 | _a(NLR Aleph) 010416522 | ||
| 090 |
_a9793028 _c9793028 |
||
| 100 | _a20140716d2014 k y0rusy50 ca | ||
| 101 | 0 | _arus | |
| 102 | _aRU | ||
| 105 | _aa|||z|||001yy | ||
| 200 | 1 | _aСпособы определения напряженно-деформированного состояния и динамических характеристик в тяговом подвижном составе | |
| 210 | _d2014 | ||
| 215 |
_a302, [1] с. _cил. |
||
| 320 | _aБиблиогр.: с. 295-297 (33 назв.) | ||
| 461 | 0 |
_1001RU\NLR\BIBL_A\010588431 _12001#$aЭкспериментальная оценка прочности тягового подвижного состава$eмонография$e[в 2 ч.]$fВ.Б. Цкипуришвили$gФедер. агентство ж.-д. трансп., Федер. гос. бюджет. образоват. учреждение высш. проф. образования "Моск. гос. ун-т путей сообщ."$vЧ. 1 _1700#1$aЦкипуришвили$bВ.Б.$gВалерий Багратович _910492617 _aЦкипуришвили, В.Б. _cМосква _d2014 _fВ.Б. Цкипуришвили _nМосковский государственный университет путей сообщения _oмонография : [в 2 ч.] _tЭкспериментальная оценка прочности тягового подвижного состава _y9785747306622 _vЧ. 1 |
|
| 606 | 1 |
_aЛокомотивы _xДинамика _91490974 _3RU\NLR\AUTH\66641195 |
|
| 686 | 1 | _aО23-015 | |
| 942 | _cBOOK | ||
| 980 | _aNBR | ||